| 000 | 00531cam0a220018100 4500 | ||
|---|---|---|---|
| 001 | tmp16002134 | ||
| 003 | UPRA | ||
| 005 | 20190830105503.0 | ||
| 008 | 951120s1954 sz ger u | ||
| 035 | _a(Sirsi) r26406 | ||
| 035 | _a(UPRA)tmp16002134 | ||
| 040 | _cUPRA | ||
| 100 | 1 |
_aBusch, Wilhelm, 1832-1908. _dBusch, Wilhelm, 1832-1908. _6A90120.1 |
|
| 245 | 1 | 4 | _aDie schonsten Bildergeschichten. |
| 260 |
_a[Zurich] : _bBuchclub Ex Libris, _c[1954] |
||
| 949 |
_aPT2603.U8 _wlcc _i-27148 _mMAIN _tBOOK _lON-SHELF |
||
| 004 | 26406 | ||
| 999 |
_c186916 _d186916 |
||